Top 10 Least Obese U.S. States - Statistics

General Stats
  • This quiz has been taken 73,870 times
    22,902 since last reset
  • The average score is 7 of 10
Answer Stats
% State % Correct
27.7 California
87%
28.0 New York
86%
28.8 Vermont
75%
26.1 Hawaii
73%
30.1 Florida
69%
27.4 Massachusetts
67%
29.4 Connecticut
65%
28.9 New Jersey
65%
24.9 Colorado
64%
30.2 Utah
58%
No matching quizzes found
Score Distribution
Percent of People with Each Score
Percentile by Number Answered
Your Score History
You have not taken this quiz since the last reset